Bairros de Petrolina em um mapa - Statistics

Estatísticas Gerais
  • Esse quiz foi jogado 16 vezes
  • A pontuação média é 15 de 36
Respostas no mapa
Respostas codificadas por cores de uma escala verde-vermelha no mapa do quiz de acordo com a % correta abaixo.
 
Estatísticas das Respostas
Bairro % Correto
Centro
100%
Atrás da Banca
78%
Areia Branca
67%
Gercino Coelho
67%
Jardim Amazonas
67%
Jardim Maravilha
67%
Vila Eduardo
67%
Antônio Cassimiro
56%
Cohab-Massangano
56%
Km 2
56%
Loteamento Recife
56%
Ouro Preto
56%
Vila Mocó
56%
Cohab-São Francisco
44%
Distrito Industrial
44%
Jatobá
44%
Palinhas
44%
Pedra do Bode
44%
Jardim São Paulo
33%
João de Deus
33%
José e Maria
33%
Maria Auxiliadora
33%
Pedro Raimundo
33%
São Gonçalo
33%
Topázio
33%
Alto do Cocar
22%
Caminho do Céu
22%
Cidade Univesitária
22%
Cosme e Daminhão
22%
Dom Avelar
22%
Dom Malan
22%
Zona Militar
22%
Boa Esperança
11%
Carneiro
11%
São José
11%
Serrote do Urubu
11%
Nenhum quiz correspondente encontrado
Distribuição das Pontuações
Porcentagem de Pessoas com Cada Pontuação
Percentil de Números Respondidos
Sua Pontuação Histórica
Você não jogou esse quiz